=LDR 00000nam 2200000 4500 =001 INLIS000000000000711 =005 20220619105625 =035 ##$$a 0010-1121000264 =245 1#$$a Laporan Kuliah Kerja Praktek PT. Prima Karya Manunggal : $b Kuliah Kerja Praktek /$c Nuraisyah Burhan =100 1#$$a BURHAN, Nuraisyah =250 ##$$a 2021 =300 ##$$a ix, 35 halaman : $b Tabel, gambar ; $c 20x29 cm =856 ##$$a OPAC (Rak LKKP TMIA 2021) =260 ##$$a Makassar :$b Politeknik ATI Makassar-Teknik Manufaktur Industri Agro,$c 2021 =082 ##$$a (R)2021 LKKP-TMIA 818 =084 ##$$a (R)2021 LKKP-TMIA 818 BUR l =650 #4$$a Laporan Praktek TMIA 2021 =500 ##$$a Laporan Praktek TMIA 2021 =008 220619################|##########|#|## =990 ##$$a 302/LKKP TMIA 2021